[Event "Reykjavik op"]
[Site "Reykjavik"]
[Date "2009.03.31"]
[Round "8.2"]
[White "Shulman, Yuri"]
[Black "Marin, Mihail"]
[Result "0-1"]
[WhiteElo "2639"]
[BlackElo "2556"]
[Annotator "Marin,M"]
[PlyCount "110"]
[EventDate "2009.03.24"]
[EventType "swiss"]
[EventRounds "9"]
[EventCountry "ISL"]
[SourceTitle "CBM 129 Extra"]
[Source "ChessBase"]
[SourceDate "2009.05.05"]
[SourceVersion "2"]
[SourceVersionDate "2009.05.20"]
[SourceQuality "1"]

1. d4 Nf6 2. c4 g6 3. Nc3 d5 {The opening choice I made involved strong
emotions. My intention was to question a theoretical evaluation that had been
approved for a quarter of century...} 4. cxd5 Nxd5 5. e4 Nxc3 6. bxc3 Bg7 7.
Nf3 c5 8. Rb1 O-O 9. Be2 Nc6 {From the point of view of development, this is
the most logical move.} ({Previously, I had experimented with} 9... b6 10. O-O
Bb7 {, but a few days earlier Yuri had employed the interesting pawn sacrifice}
11. d5 $5 Bxc3 12. Bc4 Bg7 13. Bb2 Qc8 ({The following recent game was given
as an example by Mamedyarov, in order to prove that Kurnosov defeated him
using computer assistance. Well, I guess any reason can serve if one does not
wish to admit one's own poor play, much below his galactic rating.} 13... Ba6
14. Qe2 Qc8 15. Bxg7 Kxg7 16. e5 e6 17. Rbd1 exd5 18. Rxd5 Bxc4 19. Qxc4 Nc6 {
Onischuk,A (2659)-Kurnosov,I (2602)/Moscow 2009/CBM 129 (0-1, 27)}) 14. Bxg7
Kxg7 15. Qd2 Ba6 16. Rfc1 Rd8 17. Rb3 Nd7 18. e5 {Shulman,Y (2639)-Conquest,S 
(2531)/Reykjavik 2009 (1-0, 33); with strong pressure.}) 10. d5 Ne5 11. Nxe5
Bxe5 12. Qd2 e6 13. f4 Bg7 14. c4 {White needs to be prepared to meet ...exd5
with cxd5. otherwise, he would be left with just weaknesses in the centre. The
next long sequence is well known from theory.} Re8 15. e5 f6 16. d6 fxe5 17.
Bb2 exf4 18. Bxg7 Kxg7 19. O-O Rf8 20. Rxf4 Rxf4 21. Qxf4 Qf6 22. Qe4 Rb8 23.
Rf1 Qd4+ 24. Qxd4+ cxd4 {Black has managed to retain his material advantage,
but he still is underdeveloped.} 25. c5 $6 {The first mistake in this game,
which will remain unpunished.} ({The correct move order to get the game ending
is} 25. Rb1 Bd7 26. Bf3 b6 27. c5 Rc8 28. c6) 25... Bd7 26. Bf3 {This was the
first moment when I had a long thought. Finally, I decided that Yuri had just
set me a trap and I preferred to transpose to the normal paths.} Rc8 $6 (26...
Bc6 $1 27. Rb1 Rf8 $1 28. Bxc6 ({I was afraid of} 28. Rxb7+ $2 Bxb7 29. Bxb7 d3
{White's main problem is that he cannot activate his king, which makes the
d-pawn quite dangerous. During my prolonged thought, I thought that I found a
way to optimize Whites coordination.} 30. Bc6 d2 31. Ba4 {It seemed to me that
I could not approach with the king either.} e5 $1 {I missed this winning move,
which clears the e6-square for the king.} 32. c6 Kf7 33. c7 Ke6 34. d7 d1=Q+
35. Bxd1 Kxd7 $19) 28... bxc6 29. Re1 Rf5 $15) 27. Rb1 b6 28. c6 Bxc6 29. Rc1
Bd7 30. Rxc8 Bxc8 31. Bc6 Kf6 32. d7 Bxd7 33. Bxd7 Ke5 $1 $146 {In fact, this
novelty does not belong to me entirely. In his book Revolution in the '70s,
Kasparov writes that he tried to make it playable, during his preparation
against one of the matches against Karpov. According to Kasparov, he did not
entirely trust it... My own conclusion is that the position is enormously
complicated and that White is not completely out of the danger of losing, if
he plays with ambition. The course of the game more or less confirmed these
thoughts...} ({Theory was frozen for 25 years after the following game was
played:} 33... e5 34. Kf2 e4 35. Bc6 Ke5 36. h4 $1 {As far as I remember, this
was considered a novelty over the previously existing analysis. Unfortunately,
I could not find any further reference in my collection of old Soviet
magazines.} h6 37. g3 g5 38. h5 $1 {White needs to avoid exchanges on this
wing. Otherwise, Black could simplify to a draw. Compare this with the line
given in the comments to Black's 36th move from our main game.} Kf5 39. a4 $1 (
{Another essential move. After} 39. Ke2 a6 40. Bb7 b5 $1 41. Bxa6 b4 {Black's
control of the c3-square prevents the activation of the white king.} 42. Kd2
Ke5 43. Kc2 $6 d3+ $1 {followed by ...Kd4 and only Black can be better.}) 39...
Ke5 40. Bb7 Kf5 41. Bc8+ Ke5 42. Ke2 Kd5 43. Bb7+ Ke5 44. Kd2 Kf5 45. Bc8+ Ke5
46. Kc2 {Threatening Kb3-c4.} d3+ {Sooner or later, Black will have to play
this anyway.} 47. Kc3 Kd5 48. Ba6 Ke5 49. Bb7 Kf5 50. Kd2 {The king returns to
e3.} Kg4 {(The only way for counterplay.)} 51. Bxe4 Kxg3 52. Bxd3 g4 53. Bf5
Kf3 54. Ke1 Kf4 55. Bc8 Kg5 56. Kf2 Kxh5 57. Kg3 Kg5 58. Bxg4 a6 59. Be2 b5 60.
Bxb5 {1-0 Novikov-Tukmakov, Lvov URS-ch 1984.}) 34. Kf2 Kd5 35. Ke2 e5 36. Bc8
{The immensly complicated character of this ending is revealed by the fact
that, just 3 moves after delivering the novelty and despite having analysed
the position for several days, I found myself in unknown territory.} b5 ({
The simplest way to a draw was} 36... e4 37. Bb7+ Ke5 {White misses a tempo to
obtain Novikov's structure.} 38. a4 (38. h4 b5 $1 {[%csl Gc3][%cal Gb5b4]})
38... g5 $1 39. g3 h5 40. Kd2 h4 41. Kc2 {White cannot give up the control of
the f4-square.} hxg3 42. hxg3 Kf5 43. Bc8+ Ke5 44. Kb3 Kd5 45. Bb7+ Ke5 46. Kc4
d3 47. Kc3 Kf5 48. Kd2 Kg4 49. Bxe4 Kxg3 50. Bxd3 g4 51. Bf5 {This looks
similar to the Novikov-Tukmakov game, but in the absence of the h-pawns Black
draws easily.} Kf3 52. Ke1 g3 53. Kf1 Ke3 54. Kg2 Kd4 55. Kxg3 Kc5 56. Kf3 Kb4
57. Bd7 a6 $11) 37. Bb7+ Kc4 38. Kd2 ({The move I feared most was} 38. Ba6 {
Black has two possibilities.} {I planned to play} Kc5 {without being too sure
about the evaluation. Apparently, a draw is a reasonable result.} ({I
calculated correctly that} 38... e4 $2 {loses:} 39. a4 Kc3 40. Bxb5 a5 41. g4
g5 42. h3 h6 43. Ba6 $22 Kc2 (43... Kb4 44. Bb7 $1) 44. Bb7 $1 {[%csl Gc2]} e3
(44... d3+ 45. Ke3 d2 46. Bxe4+ $1 Kc1 47. Bf3 $18) 45. Ba6 Kc3 46. Bd3 $22 (
46. Kf3 $2 Kd2 47. Ke4 e2 48. Bxe2 Kxe2 49. Kxd4 Kf3 50. Kc4 Kg3 51. Kb5 Kxh3
52. Kxa5 Kxg4 53. Kb6 Kf4 $1 $15) 46... Kb4 47. Kf3 Kxa4 48. Ke4 Kb4 49. Kxd4
a4 50. Kxe3 a3 51. Bb1 Kb3 52. Bg6 $1 $18) 39. Kd3 Kb6 40. Bc8 Kc5 41. Ke4 Kc4
42. Kxe5 $6 (42. Ba6 Kc5 43. a3 Kb6 44. Bc8 Kc5 45. Kxe5 $6 d3 $132) 42... d3
43. Ke4 Kc3 $132) 38... a5 ({I did not wish to spend a tempo on} 38... g5 $5 {
, fearing that he would return to the plan based on} 39. Ba6) 39. Be4 Kb4 ({
Another exciting line leading to a draw would be} 39... b4 $5 40. h4 (40. Bc2
Kd5 {[%cal Ge5e4]} 41. Bb3+ Ke4 42. Bc4 Kf4 43. Kd3 a4 $132) 40... b3 41. axb3+
Kxb3 42. g4 a4 43. h5 gxh5 44. g5 a3 45. Bxh7 Kb2 46. Bg8 h4 47. g6 e4 48. Bd5
h3 49. g7 a2 50. Bxa2 h2 51. g8=Q h1=Q 52. Qb8+ $1 Ka1 $5 53. Bc4 $1 $11) 40.
h4 Ka3 {We were out of the first time trouble, but soon used up the 15 minutes
we had just received.} 41. g4 $1 Kxa2 42. h5 $1 ({I missed this move, relying
on} 42. g5 $2 b4 43. h5 b3 44. hxg6 hxg6 45. Bxg6 a4 $1 {, which transposes to
the unfavourable for White game continuation.}) 42... b4 {[#]} (42... gxh5 $2
43. g5 $18) 43. hxg6 $2 ({During the game I saw that} 43. Bxg6 $1 {would pose
big problems and intended to answer with} a4 {In the subsequent analysis, I
have used some of Misha Golubev's lines published in Chess Today. Some of them,
I analysed with Yuri during our brief post mortem.} (43... hxg6 $2 44. hxg6 b3
45. g7 b2 46. g8=Q+ Ka1 47. Qa8 b1=Q 48. Qxa5+ Kb2 49. Qb4+ Ka2 50. Qxb1+ Kxb1
51. Kd3 $1 $18 {This last move is the only possibility to prevent Black's
counterplay.}) 44. g5 $1 {Not an easy move to find.} (44. Bxh7 Kb2 45. h6 a3
46. Bg8 b3 47. h7 a2 48. h8=Q a1=Q 49. Qxe5 Qc1+ 50. Ke2 Qc3 $11 {A draw by
perpetual is the most probable result. Black's b-pawn is too dangerous.}) 44...
b3 $1 45. Bxh7 a3 46. g6 Kb2 $8 47. g7 a2 48. g8=Q a1=Q {Humanly speaking,
this looks like fairly balanced, but computers tend to slightly prefer White
after} 49. Qg2 $5 {Indeed, it is not easy to find a clear way to equality for
Black.} Qc1+ 50. Ke2 (50. Kd3+ $2 Qc2+ $1 $19) 50... Qe3+ 51. Kd1+ Kc3 {
[%cal Gd4d3]} 52. Qc6+ Kb2 {[%cal Gd4d3]} 53. Qe4 {White has stabilized the
positon and can hope to advance his h-pawn.} Qc1+ 54. Ke2 Qc2+ 55. Kf3 Qc3+ 56.
Kg4 Qc8+ 57. Bf5 (57. Qf5 Qc2) 57... Qg8+ 58. Kh4 Qd8+ 59. Kh3 $36) 43... hxg6
44. Bxg6 b3 45. g5 a4 $3 $17 {A strong move, inviting White to define his
intentions regarding the bishop.} ({Yuri counted on} 45... b2 $2 46. Be4 $18)
46. Bf7 $6 (46. Be4 Kb2 $1 47. g6 a3 48. g7 a2 49. g8=Q a1=Q $17) 46... Ka1 $1
$19 47. g6 b2 48. g7 b1=Q 49. g8=Q e4 {[%csl Gd2]} 50. Qe8 a3 51. Qa4 Qb2+ 52.
Ke1 e3 53. Qd1+ Qb1 54. Ke2 Qxd1+ 55. Kxd1 Kb2 {This was one of my most
complicated games ever. Curiously, the most exciting events took part between
the exchange of the queens and the coronation of the new ones. And they say
that ending is dull...} 0-1

[Event "Olympiad-37"]
[Site "Turin"]
[Date "2006.05.21"]
[Round "1"]
[White "Obodchuk, Andrei"]
[Black "Sutovsky, Emil"]
[Result "0-1"]
[WhiteElo "2413"]
[BlackElo "2628"]
[Annotator "Marin,M"]
[PlyCount "56"]
[EventDate "2006.05.21"]
[EventType "team-swiss"]
[EventRounds "13"]
[EventCountry "ITA"]
[SourceTitle "CBM 113"]
[Source "ChessBase"]
[SourceDate "2006.07.31"]
[SourceVersion "1"]
[SourceVersionDate "2006.07.31"]
[SourceQuality "1"]
[WhiteTeam "IPCA"]
[BlackTeam "Israel"]
[BlackTeamCountry "ISR"]

1. d4 Nf6 2. c4 g6 3. Nc3 d5 4. cxd5 Nxd5 5. e4 Nxc3 6. bxc3 Bg7 7. Nf3 c5 8.
Rb1 O-O 9. Be2 Nc6 10. d5 Ne5 11. Nxe5 Bxe5 12. Qd2 e6 13. f4 Bc7 $5 14. O-O
exd5 15. exd5 Ba5 {Such an awkward placement of the fianchetto-bishop is
possible only because the c1-bishop is so strongly restricted in his actions,
making the weakness of the dark squares around the black king less relevant.}
16. f5 Bxf5 17. Rxb7 Qd6 18. Bc4 Qe5 (18... Rfb8 19. Rxb8+ Rxb8 20. Qg5 Rb1 21.
Bf4 Rxf1+ 22. Kxf1 Qb6 23. Be5 Qb1+ 24. Kf2 Qc2+ 25. Kg1 Qb1+ 26. Kf2 Qc2+ 27.
Kg1 Qb1+ {1/2-1/2 Bacrot,E (2725)-Sutovsky,E (2654)/Khanty Mansyisk RUS 2005/
TWIC 578}) 19. Re1 Qf6 20. Rb3 (20. Bb2 Rfb8 21. Ree7 Rxb7 22. Rxb7 Qd6 23. Qe3
Bc7 24. Qg3 Qxg3 25. hxg3 Bxg3 26. d6 Rf8 27. d7 Rd8 28. Bb5 a6 29. Ba4 Be4 30.
Rb6 Bf5 31. Rb7 Be4 32. Rb6 Bf5 33. Rb7 {1/2-1/2 Johannessen,L (2543)-Sutovsky,
E (2674)/Saint Vincent 2005/CBM 110}) 20... Qh4 21. Bf1 c4 22. Rb5 Bb6+ 23. Kh1
Bc7 24. g3 Bxg3 25. Re2 Bd3 26. Rg2 Be4 27. Qh6 Qf6 28. Bxc4 Qf2 0-1

[Event "World Cup"]
[Site "Khanty-Mansiysk"]
[Date "2009.11.23"]
[Round "1.4"]
[White "Navara, David"]
[Black "Laylo, Darwin"]
[Result "1/2-1/2"]
[WhiteElo "2707"]
[BlackElo "2552"]
[Annotator "Marin,M"]
[PlyCount "119"]
[EventDate "2009.11.21"]
[EventType "k.o."]
[EventRounds "7"]
[EventCountry "RUS"]
[SourceTitle "CBM 134"]
[Source "ChessBase"]
[SourceDate "2010.01.18"]
[SourceVersion "1"]
[SourceVersionDate "2010.01.18"]
[SourceQuality "1"]

1. c4 Nf6 2. Nc3 d5 3. cxd5 Nxd5 4. d4 g6 5. e4 Nxc3 6. bxc3 Bg7 7. Bg5 c5 8.
Rc1 O-O 9. Nf3 Qa5 10. Qd2 Bg4 11. d5 {The same structure as in the second
encounter Nyback-Svidler, but with the queen on a5 instead of d6. Black is
less stable in the centre, but the queen's activity on the queenside will
prevent White from taking full advantage of his powerfull centre.} Re8 $5 {
Preparing the counterplay on the centre.} 12. c4 Qa3 13. Be2 e6 14. h3 Bxf3 15.
gxf3 $6 {A strange decision. White's centre will not become stronger; on the
contrary, it will lose part of his flexibility. By keeping his bishop on e2,
Navarra may have wished to inhibit ...b5.} (15. Bxf3 {is more natural and
probbaly offers better chances for an advantage, although the position remains
unclear after} exd5 16. cxd5 b5 $1 17. O-O Nd7 18. d6 c4 {The black pawns
should not be underestimated.}) 15... Na6 $5 {Black continues his queenside
action, targetting the a2-pawn.} (15... exd5 {is also playable} 16. cxd5 (16.
exd5 $2 Qxf3 $1) 16... Nd7 (16... b5 17. Bxb5 Qxf3 18. O-O {leaves Black
uncoordinated.}) 17. O-O a6 {Black will play ...b5 anyway, while the white
centre remains immobile.}) 16. d6 {White anticipates the knight jump to b4 by
creating the threat d7. However, winning the exchange is hardly a success,
because after giving up the g5-bishop for a rook the dark squares will remain
chronically weak.} (16. O-O Nb4 17. Rb1 b6 {[%csl Ga2]}) 16... Qb4 (16... Nb4 {
was entirely possible:} 17. d7 $6 Red8 18. Bxd8 Rxd8 $17 {Despite the
extra-exchange, White's position is strategically worse.}) 17. Qxb4 Nxb4 18. a3
(18. d7 Red8 19. Bxd8 Rxd8 20. a3 Nc6 21. Rd1 Nd4 {[%cal Gg7h6,Gd8d7,Gh6f4]
Black will have a pawn for the exchange and a complete control over the dark
squares.}) 18... Nc6 $132 {Black has regrouped properly and his knight is
ready to occupy the d4-square. He is by no means worse.} 19. Rb1 f6 20. Bh4 b6
21. f4 Rad8 22. e5 Rd7 23. exf6 Bf8 24. Bd1 Rxd6 25. Ba4 Rc8 26. Bxc6 Rcxc6 27.
Ke2 Rd4 28. Rbd1 e5 29. Rxd4 exd4 30. Rg1 Kf7 31. a4 h6 32. Kd3 Rc8 33. a5 Bd6
34. axb6 axb6 35. Rb1 Bc7 36. Re1 Re8 37. Ra1 Bxf4 38. Ra7+ Ke6 39. Rb7 g5 40.
Rxb6+ Kf7 41. Bg3 Bxg3 42. fxg3 Re3+ 43. Kd2 Rxg3 44. Rc6 Rxh3 45. Rxc5 Rc3 46.
Rc6 g4 47. Rd6 Rxc4 48. Kd3 Rc5 49. Ke4 Rg5 50. Rxd4 Kxf6 51. Rd6+ Kg7 52. Kf4
Kh7 53. Kg3 h5 54. Kh4 Rg6 55. Rd5 g3 56. Rd1 Kh6 57. Rg1 g2 58. Kh3 Rg4 59.
Rxg2 Rxg2 60. Kxg2 1/2-1/2

[Event "Tata Steel-A 76th"]
[Site "Wijk aan Zee"]
[Date "2014.01.23"]
[Round "9"]
[White "Gelfand, Boris"]
[Black "Dominguez Perez, Leinier"]
[Result "1/2-1/2"]
[WhiteElo "2777"]
[BlackElo "2754"]
[Annotator "Marin,M"]
[PlyCount "72"]
[EventDate "2014.01.11"]
[EventType "tourn"]
[EventRounds "11"]
[EventCountry "NED"]
[EventCategory "20"]
[SourceTitle "CBM 159"]
[Source "ChessBase"]
[SourceDate "2014.03.17"]
[SourceVersion "1"]
[SourceVersionDate "2014.03.17"]
[SourceQuality "1"]

1. d4 Nf6 2. c4 g6 3. Nc3 d5 4. cxd5 Nxd5 5. Bd2 Bg7 6. e4 Nxc3 7. Bxc3 O-O 8.
Qd2 c5 9. d5 Bxc3 10. bxc3 {In the classical lines, this kind of structure is
usually reached with the dark-squared bishops on the board. Despite this small
detail, the essence of the position remains the same: White has to catch up in
development while keeping his centre intact!} Qd6 (10... e6 11. d6 (11. Bc4
exd5 12. Bxd5 Nc6 {Gelfand,B (2740)-Grischuk,A (2764) London 2013 CBM 154 
[Krasenkow,M] (1/2, 27)}) 11... e5 12. h4 $1 {Anand,V (2783)-Hammer,J (2608)
Stavanger 2013 CBM 155 [Krasenkow,M] (1-0,45)}) 11. f4 e6 (11... Nd7 12. e5 Qc7
13. h4 c4 14. h5 {Riazantsev,A (2714)-Edouard,R (2625) Belfort 2012 CBM 149 
[Edouard,R] (0-1, 36)}) 12. Bc4 {If White could get one or two tempi to
consolidate his space advantage he would have a very promising position. Time
is an important factor in the Grünfeld and Black has made effective use of his
slightly better development.} b5 $5 $146 (12... Qd7 13. a4 $14 {Minko,V (2257)
-Torkkola,H (2123)/Athens 2012/CBM 149 Extra (1-0,28)}) 13. Bxb5 exd5 14. exd5
{This pawn is safely blocked and vulnerable.} (14. e5 $5 {may have offered
beter chances for retaining some tension in the game. But then} Qb6 15. Bd3 c4
16. Rb1 Qc5 17. Bc2 Nc6 18. Nf3 Bd7 19. Nd4 Rab8 20. O-O Nxd4 21. cxd4 Qc6 {
and White cannot start his attack with f4-f5 without exchanging bishops and
clearing the path for the c4-pawn.}) ({Then maybe it would make sense to
prevent ...c5-c4 and keep e4-e5 in reserve with developing moves:} 14. Bc4 $5
Bb7 15. Nf3 Rd8 (15... Nd7 16. O-O Nf6 17. e5 Qc6 18. exf6 dxc4 19. Ne5 Rad8
20. Qb2 {[%csl Gb7,Gg7]}) 16. e5 Qb6 17. Bd3 d4 (17... c4 18. Rb1 Qc7 19. Bc2
Nc6 20. O-O $16 {[%csl Gb7][%cal Gf3d4]}) 18. Rb1 Qc7 19. O-O Bxf3 20. Rxf3 Nc6
21. Bc4 $5 $13 {[%csl Gf7]} dxc3 (21... Na5 $140 22. Bf1) 22. Qxc3 Nd4 23. Rf2
Rab8 24. Rc1 {Black's position looks active, but he does not have a clear plan.
White's structure is more compact and threatening at the same time. The bishop
blocks the passed pawn and enjoys absolute stability, keeping the enemy
kingside under constant pressure.}) 14... Nd7 15. Bxd7 {White has to spend a
tempo on helping Black continue his development.} (15. Nf3 $2 Re8+ 16. Kf2 (16.
Kf1 Ba6 17. a4 Nf6 $36 {[%cal Ga6f1,Gf6e4]}) 16... Nf6 $1 {[%csl Ge8][%cal
Gf6e4]} 17. Kg1 Re4 $17) 15... Bxd7 16. Nf3 ({White does not have the time to
consolidate:} 16. c4 Rfe8+ 17. Kf2 Re4 $17) 16... Bb5 $44 17. Kf2 Rad8 18. Rad1
Rfe8 19. Rhe1 f6 $5 {[%csl Ge5,Gg5] Black's control over the position is so
good that he does not even hurry to take the pawn.} (19... Rxe1 $11) (19... Bc4
$2 20. Rxe8+ Rxe8 21. Ne5 $16) 20. a3 {White has nothing better than waiting
for the simplifications.} (20. Re6 Qxe6 21. dxe6 Rxd2+ 22. Rxd2 Rxe6 $11) 20...
Rxe1 (20... Bc4 {would only complicate Black's life.} 21. Re6 $5 Rxe6 (21...
Qd7 22. f5 $5) ({Or if} 21... Qxe6 22. dxe6 Rxd2+ 23. Nxd2 {[%csl Gc4,Rc5,Rf6]
[%cal Gd2e4]}) 22. dxe6 Qxd2+ 23. Rxd2 Re8 (23... Rxd2+ 24. Nxd2 {[%csl Gc5,
Gf6][%cal Gd2e4]} Bd5 25. Ke3) 24. Rd7 {This may still be all right, but why
make simple things difficult?}) 21. Rxe1 (21. Nxe1 Re8 {[%cal Ge8e2]}) 21...
Qxd5 22. Qxd5+ Rxd5 $11 23. g4 {In principle, the bishop may prove stronger
than the knight, so White hurries to ensure the strong e5-square for his
knight, thus avoiding any shadow of danger.} Kf7 24. g5 Rf5 25. Kg3 Bc6 26.
gxf6 Bxf3 $11 {Just when the central square becomes available, tthe knight
disappears.} 27. Kxf3 Kxf6 28. c4 g5 29. Re4 gxf4 30. a4 a5 31. h4 ({The
careless} 31. Rxf4 $4 {loses to} Ke5 $1 (31... Kg5 $2 32. h4+ $1 $11) 32. Rxf5+
Kxf5 $19 {The opposition decides.}) 31... Kf7 32. Re1 (32. Rxf4 $11) 32... Rh5
33. Kg4 Rh6 34. Re5 f3 35. Kxf3 Rxh4 36. Rxc5 Ke6 1/2-1/2